Mali : 2015 Article IV Consultation, Fourth Review Under the Extended Credit Facility Arrangement, and Request for Modification of a Performance Criterion-Press Release; Staff Report; and Statement by the Executive Director for Mali.

This 2015 Article IV Consultation highlights that Mali's program performance through June was strong, with all performance criteria and most structural benchmarks met. The 2016 program features a somewhat higher fiscal deficit compared with 2015 to allow for increased public investment and reco...

Ausführliche Beschreibung

Bibliographische Detailangaben
Körperschaft: International Monetary Fund. African Dept
Format: Zeitschrift
Sprache:English
Veröffentlicht: Washington, D.C. : International Monetary Fund, 2015.
Schriftenreihe:IMF Staff Country Reports; Country Report ; No. 2015/339
Online Zugang:Full text available on IMF
LEADER 01871cas a2200241 a 4500
001 AALejournalIMF016452
008 230101c9999 xx r poo 0 0eng d
020 |c 5.00 USD 
020 |z 9781484303672 
022 |a 1934-7685 
040 |a BD-DhAAL  |c BD-DhAAL 
110 2 |a International Monetary Fund.  |b African Dept. 
245 1 0 |a Mali :   |b 2015 Article IV Consultation, Fourth Review Under the Extended Credit Facility Arrangement, and Request for Modification of a Performance Criterion-Press Release; Staff Report; and Statement by the Executive Director for Mali. 
264 1 |a Washington, D.C. :  |b International Monetary Fund,  |c 2015. 
300 |a 1 online resource (125 pages) 
490 1 |a IMF Staff Country Reports 
500 |a <strong>Off-Campus Access:</strong> No User ID or Password Required 
500 |a <strong>On-Campus Access:</strong> No User ID or Password Required 
506 |a Electronic access restricted to authorized BRAC University faculty, staff and students 
520 3 |a This 2015 Article IV Consultation highlights that Mali's program performance through June was strong, with all performance criteria and most structural benchmarks met. The 2016 program features a somewhat higher fiscal deficit compared with 2015 to allow for increased public investment and reconstruction spending. The program's structural component incorporates measures to support continued revenue growth, strengthen public financial management, and promote good governance. The external current account is projected to strengthen in the near term but would weaken thereafter, mainly as a result of less favorable terms of trade. 
538 |a Mode of access: Internet 
830 0 |a IMF Staff Country Reports; Country Report ;  |v No. 2015/339 
856 4 0 |z Full text available on IMF  |u http://elibrary.imf.org/view/journals/002/2015/339/002.2015.issue-339-en.xml  |z IMF e-Library